| 000 | 01177nam a2200313 a 4500 | ||
|---|---|---|---|
| 001 | 000115768 | ||
| 003 | CHAP | ||
| 005 | 20220329144547.0 | ||
| 008 | 190703s2018 mx |sm |||||||spa d | ||
| 010 | _a112229 | ||
| 011 | _a113201 | ||
| 040 | _cCHAP | ||
| 090 | _aTesis | ||
| 100 | 1 |
_aHernández González, Sharon Itzel. _9136370 |
|
| 245 | 1 | 0 |
_aDiseño de una campaña de concientización ambiental para el manejo adecuado de residuos sólidos urbanos _h[En línea] _cpor Sharon Itzel Hernández González. |
| 260 |
_aChapingo, Méx. : _bEl autor, _c2018. |
||
| 500 | _aPara ver el contenido del material haga clic en la liga | ||
| 502 | _aTesis (Ing. en Recursos Naturales Renovables) -- UACH. Departamento de Suelos | ||
| 590 |
_aBATCH-UPD _b05 _c20190703 _lUCH01 _h1002 |
||
| 590 |
_aE5765TAJ _b05 _c20190703 _lUCH01 _h1001 |
||
| 590 |
_aE5765TAJ _b05 _c20190703 _lUCH01 _h1003 |
||
| 650 | 1 | 4 |
_aEducación ambiental. _935556 |
| 650 | 1 | 4 |
_aResiduos sólidos _xControl. _9132274 |
| 650 | 1 | 4 |
_aResiduos sólidos _xImpacto ambiental. _9132275 |
| 856 |
_aFinding aid _uhttp://10.13.5.2/tesis/sist115768.pdf _zTeclea aquí |
||
| 901 | _aBK | ||
| 942 | _cTESIS | ||
| 942 | _n0 | ||
| 999 |
_c112229 _d112229 |
||